[Event "AUT 2nd BL Mitte 2021-22"]
[Site "Austria"]
[Date "2022.03.27"]
[Round "9.28"]
[White "Milanovic, Danilo"]
[Black "Rodshtein, Maxim"]
[Result "1/2-1/2"]
[WhiteElo "2406"]
[BlackElo "2591"]
[Annotator "ChessBase"]
[PlyCount "102"]
[EventDate "2021.10.21"]
[EventType "team-tourn"]
[EventCountry "AUT"]
[SourceTitle "playchess.com"]
[Source "ChessBase"]
[SourceQuality "1"]
[TimeControl "40/5400+30:1800+30"]

1. d4 {[%emt 0:00:03]} Nf6 {[%emt 0:00:08]} 2. c4 {[%emt 0:00:07]} e6 {[%emt 0:00:09]} 3. Nc3 {[%emt 0:00:04]} Bb4 {[%emt 0:00:09]} 4. e3 {[%emt 0:00:09]} O-O {[%emt 0:00:27]} 5. Bd3 {[%emt 0:00:05]} d5 {[%emt 0:00:52]} 6. cxd5 {[%emt 0:00:35]} exd5 {[%emt 0:00:06]} 7. Nge2 {[%emt 0:00:07]} Re8 {[%emt 0:01:11]} 8. O-O {[%emt 0:00:47]} Bd6 {[%emt 0:02:12]} 9. f3 {[%emt 0:04:49]} c5 {[%emt 0:00:54]} 10. Qe1 {[%emt 0:01:35]} b6 {[%emt 0:04:16]} 11. Qf2 {[%emt 0:14:30]} Ba6 {[%emt 0:03:22]} 12. Bxa6 {[%emt 0:02:46]} Nxa6 {[%emt 0:00:06]} 13. a3 {[%emt 0:00:39]} Nc7 {[%emt 0:04:41]} 14. Bd2 {[%emt 0:00:21]} Ne6 {[%emt 0:16:14]} 15. Rad1 {[%emt 0:03:23]} Qe7 16. g4 {[%emt 0:32:06]} Rad8 {[%emt 0:12:26]} 17. h4 Qb7 {[%emt 0:06:29]} 18. g5 {[%emt 0:15:20]} Nh5 {[%emt 0:01:02]} 19. f4 {[%emt 0:00:20]} cxd4 {[%emt 0:05:44]} 20. exd4 {[%emt 0:02:10]} g6 {[%emt 0:00:13]} 21. Qg2 {[%emt 0:02:43]} Bb8 {[%emt 0:04:37]} 22. f5 {[%emt 0:08:48]} Neg7 {[%emt 0:00:06]} 23. f6 {[%emt 0:01:41]} Ne6 {[%emt 0:00:08]} 24. Qf3 {[%emt 0:07:40]} b5 {[%emt 0:01:37]} 25. Rf2 {[%emt 0:00:33]} a6 {[%emt 0:05:38]} 26. Be3 {[%emt 0:01:12]} a5 {[%emt 0:05:12]} 27. b4 {[%emt 0:00:12]} axb4 {[%emt 0:00:19]} 28. axb4 {[%emt 0:00:01]} Qc6 {[%emt 0:00:25]} 29. Bc1 {[%emt 0:01:32]} Qc4 {[%emt 0:07:26]} 30. Qd3 {[%emt 0:00:06]} Qxb4 {[%emt 0:00:38]} 31. Qxb5 {[%emt 0:00:23]} Qxb5 {[%emt 0:04:29]} 32. Nxb5 {[%emt 0:00:05]} Ng3 {[%emt 0:00:11]} 33. Nxg3 {[%emt 0:01:15]} Bxg3 {[%emt 0:00:07]} 34. Rg2 {[%emt 0:00:05]} Bb8 {[%emt 0:02:57]} 35. Nc3 {[%emt 0:01:09]} Nxd4 {[%emt 0:00:58]} 36. Rg4 {[%emt 0:00:38]} Ne2+ {[%emt 0:07:19]} 37. Nxe2 {[%emt 0:00:14]} Rxe2 {[%emt 0:00:06]} 38. Kf1 {[%emt 0:00:17]} Re5 {[%emt 0:03:36]} 39. Bb2 {[%emt 0:00:55]} Rf5+ {[%emt 0:00:18]} 40. Kg2 {[%emt 0:00:00]} Re8 {[%emt 0:00:00]} 41. Rd2 {[%emt 0:01:22]} h6 {[%emt 0:08:03]} 42. Rf2 {[%emt 0:03:50]} Ba7 {[%emt 0:12:34]} 43. Rxf5 {[%emt 0:02:16]} gxf5 {[%emt 0:00:05]} 44. Ra4 {[%emt 0:00:25]} Be3 {[%emt 0:06:11]} 45. gxh6 {[%emt 0:22:09]} Bxh6 {[%emt 0:00:11]} 46. Rb4 {[%emt 0:00:25]} Re4 {[%emt 0:05:49]} 47. Rb8+ {[%emt 0:00:21]} Kh7 {[%emt 0:00:05]} 48. h5 {[%emt 0:00:13]} Bg5 {[%emt 0:03:27]} 49. Kf2 {[%emt 0:04:01]} d4 {[%emt 0:00:49]} 50. Rf8 {[%emt 0:00:07]} Rf4+ {[%emt 0:00:53]} 51. Kg3 {[%emt 0:00:47]} Rg4+ {[%emt 0:00:14]} 1/2-1/2

[Event "AUT 2nd BL Mitte 2021-22"]
[Site "Austria"]
[Date "2022.03.27"]
[Round "9.29"]
[White "Balogh, Csaba"]
[Black "Schieder, Josef"]
[Result "1-0"]
[WhiteElo "2574"]
[BlackElo "1976"]
[Annotator "ChessBase"]
[PlyCount "45"]
[EventDate "2021.10.21"]
[EventType "team-tourn"]
[EventCountry "AUT"]
[SourceTitle "playchess.com"]
[Source "ChessBase"]
[SourceQuality "1"]
[TimeControl "40/5400+30:1800+30"]

1. e4 {[%emt 0:00:05]} c6 {[%emt 0:00:11]} 2. d4 {[%emt 0:00:55]} d5 {[%emt 0:00:06]} 3. e5 {[%emt 0:00:06]} c5 {[%emt 0:00:05]} 4. dxc5 {[%emt 0:05:15]} Nc6 {[%emt 0:00:08]} 5. Nf3 {[%emt 0:00:23]} Bg4 {[%emt 0:00:43]} 6. c3 {[%emt 0:00:49]} Bxf3 {[%emt 0:10:43]} 7. Qxf3 {[%emt 0:00:14]} Nxe5 {[%emt 0:03:42]} 8. Bb5+ {[%emt 0:00:33]} Nc6 {[%emt 0:00:06]} 9. O-O {[%emt 0:01:23]} e6 {[%emt 0:00:54]} 10. b4 {[%emt 0:00:33]} a6 {[%emt 0:04:39]} 11. Ba4 {[%emt 0:14:05]} Nge7 {[%emt 0:05:50]} 12. Nd2 {[%emt 0:05:29]} g6 {[%emt 0:02:50]} 13. Qf6 {[%emt 0:02:42]} Rg8 {[%emt 0:00:43]} 14. Qf3 {[%emt 0:02:21]} Bg7 {[%emt 0:00:19]} 15. Nb3 {[%emt 0:00:18]} Kf8 {[%emt 0:00:19]} 16. Bf4 {[%emt 0:10:50]} e5 {[%emt 0:05:19]} 17. Bg5 {[%emt 0:05:30]} e4 {[%emt 0:13:46]} 18. Qe3 {[%emt 0:03:35]} Qc8 {[%emt 0:09:37]} 19. f3 {[%emt 0:05:36]} Nf5 {[%emt 0:03:09]} 20. Qd2 {[%emt 0:00:07]} Ne5 {[%emt 0:21:26]} 21. fxe4 {[%emt 0:02:15]} dxe4 {[%emt 0:00:19]} 22. Rxf5 {[%emt 0:00:26]} gxf5 {[%emt 0:00:27]} 23. Qd6# {[%emt 0:00:11]} 1-0

[Event "AUT 2nd BL Mitte 2021-22"]
[Site "Austria"]
[Date "2022.03.27"]
[Round "9.30"]
[White "Steiner, Peter"]
[Black "Czebe, Attila"]
[Result "0-1"]
[WhiteElo "1933"]
[BlackElo "2358"]
[Annotator "ChessBase"]
[PlyCount "68"]
[EventDate "2021.10.21"]
[EventType "team-tourn"]
[EventCountry "AUT"]
[SourceTitle "playchess.com"]
[Source "ChessBase"]
[SourceQuality "1"]
[TimeControl "40/5400+30:1800+30"]

1. e4 {[%emt 0:00:08]} c5 {[%emt 0:00:41]} 2. Nc3 {[%emt 0:00:14]} a6 {[%emt 0:00:12]} 3. g3 {[%emt 0:00:41]} b5 {[%emt 0:00:07]} 4. Bg2 {[%emt 0:00:45]} Bb7 {[%emt 0:00:04]} 5. Nge2 {[%emt 0:05:13]} g6 {[%emt 0:02:56]} 6. O-O {[%emt 0:08:51]} Bg7 {[%emt 0:00:05]} 7. Nd5 {[%emt 0:00:12]} e6 {[%emt 0:00:20]} 8. Ne3 {[%emt 0:00:08]} Ne7 {[%emt 0:01:02]} 9. c3 {[%emt 0:02:59]} d6 {[%emt 0:07:51]} 10. d4 {[%emt 0:00:15]} Nd7 {[%emt 0:00:09]} 11. d5 {[%emt 0:26:49]} exd5 {[%emt 0:02:07]} 12. Nxd5 {[%emt 0:01:12]} Nxd5 {[%emt 0:00:10]} 13. exd5 {[%emt 0:00:09]} O-O {[%emt 0:00:07]} 14. Bf4 {[%emt 0:04:02]} Nb6 {[%emt 0:01:46]} 15. Qd2 {[%emt 0:02:17]} Nc4 {[%emt 0:00:11]} 16. Qc2 {[%emt 0:02:25]} Bc8 {[%emt 0:00:06]} 17. Rad1 {[%emt 0:02:46]} Bf5 {[%emt 0:00:07]} 18. Qc1 {[%emt 0:00:23]} Qd7 {[%emt 0:00:29]} 19. b3 {[%emt 0:09:01]} Rfe8 {[%emt 0:00:18]} 20. Rfe1 {[%emt 0:01:38]} Ne5 {[%emt 0:00:15]} 21. Bxe5 Rxe5 22. f4 {[%emt 0:11:04]} Re7 {[%emt 0:01:37]} 23. Kf2 {[%emt 0:03:32]} Bg4 {[%emt 0:01:22]} 24. Bf3 Bxf3 25. Kxf3 {[%emt 0:00:56]} Qb7 {[%emt 0:08:57]} 26. c4 {[%emt 0:09:23]} bxc4 {[%emt 0:01:35]} 27. bxc4 {[%emt 0:00:01]} Qb4 {[%emt 0:01:23]} 28. Rd3 {[%emt 0:06:59]} Rae8 {[%emt 0:00:33]} 29. Rb3 {[%emt 0:00:11]} Qa4 {[%emt 0:05:00]} 30. Nc3 {[%emt 0:02:25]} Rxe1 {[%emt 0:02:10]} 31. Qxe1 {[%emt 0:00:02]} Qd7 {[%emt 0:00:13]} 32. Qd2 {[%emt 0:01:13]} Qh3 {[%emt 0:00:38]} 33. Nd1 {[%emt 0:00:34]} Qf1+ {[%emt 0:00:42]} 34. Nf2 {[%emt 0:01:02]} Bd4 {[%emt 0:00:30]} 0-1

[Event "AUT 2nd BL Mitte 2021-22"]
[Site "Austria"]
[Date "2022.03.27"]
[Round "9.31"]
[White "Csonka, Balazs"]
[Black "Schmidt, Peter"]
[Result "1-0"]
[WhiteElo "2474"]
[BlackElo "2402"]
[Annotator "ChessBase"]
[PlyCount "47"]
[EventDate "2021.10.21"]
[EventType "team-tourn"]
[EventCountry "AUT"]
[SourceTitle "playchess.com"]
[Source "ChessBase"]
[SourceQuality "1"]
[TimeControl "40/5400+30:1800+30"]

1. e4 {[%emt 0:00:04]} d6 {[%emt 0:00:12]} 2. d4 {[%emt 0:00:08]} Nf6 {[%emt 0:00:06]} 3. Nc3 {[%emt 0:00:06]} g6 {[%emt 0:00:06]} 4. f4 {[%emt 0:00:21]} Bg7 {[%emt 0:00:12]} 5. Nf3 {[%emt 0:00:09]} O-O {[%emt 0:00:10]} 6. e5 {[%emt 0:00:13]} dxe5 {[%emt 0:00:34]} 7. fxe5 {[%emt 0:01:06]} Nd5 {[%emt 0:00:24]} 8. Bc4 {[%emt 0:00:10]} Nxc3 {[%emt 0:00:10]} 9. bxc3 {[%emt 0:00:06]} c5 {[%emt 0:00:08]} 10. O-O {[%emt 0:00:14]} Bg4 {[%emt 0:02:07]} 11. Qd3 {[%emt 0:01:18]} Nc6 {[%emt 0:12:24]} 12. Ng5 {[%emt 0:00:15]} e6 {[%emt 0:00:13]} 13. Qg3 {[%emt 0:00:09]} Bf5 {[%emt 0:02:05]} 14. Rxf5 {[%emt 0:00:14]} exf5 {[%emt 0:03:28]} 15. e6 {[%emt 0:00:11]} cxd4 {[%emt 0:39:02]} 16. exf7+ {[%emt 0:16:11]} Kh8 {[%emt 0:00:23]} 17. Nxh7 {[%emt 0:00:26]} dxc3 {[%emt 0:04:44]} 18. Be3 {[%emt 0:16:55]} Bd4 {[%emt 0:09:24]} 19. Nxf8 {[%emt 0:00:50]} Bxe3+ {[%emt 0:00:08]} 20. Qxe3 {[%emt 0:00:08]} Qxf8 {[%emt 0:00:05]} 21. Re1 {[%emt 0:07:56]} Rd8 {[%emt 0:06:00]} 22. Qxc3+ {[%emt 0:08:10]} Kh7 {[%emt 0:00:51]} 23. Re3 {[%emt 0:00:50]} Qc5 {[%emt 0:00:51]} 24. f8=N+ {[%emt 0:01:06]} 1-0

[Event "AUT 2nd BL Mitte 2021-22"]
[Site "Austria"]
[Date "2022.03.27"]
[Round "9.32"]
[White "Testor, Sebastian"]
[Black "Gajek, Radoslaw"]
[Result "1/2-1/2"]
[WhiteElo "2323"]
[BlackElo "2454"]
[Annotator "ChessBase"]
[PlyCount "140"]
[EventDate "2021.10.21"]
[EventType "team-tourn"]
[EventCountry "AUT"]
[SourceTitle "playchess.com"]
[Source "ChessBase"]
[SourceQuality "1"]
[TimeControl "40/5400+30:1800+30"]

1. d4 {[%emt 0:00:05]} d6 {[%emt 0:00:08]} 2. Nf3 {[%emt 0:05:07]} Bg4 {[%emt 0:00:29]} 3. e3 {[%emt 0:01:45]} Nd7 {[%emt 0:00:29]} 4. Be2 {[%emt 0:02:02]} Ngf6 {[%emt 0:00:36]} 5. b3 {[%emt 0:06:23]} e5 {[%emt 0:01:31]} 6. dxe5 {[%emt 0:06:30]} dxe5 {[%emt 0:00:32]} 7. Bb2 {[%emt 0:00:10]} Bb4+ {[%emt 0:02:08]} 8. Nfd2 {[%emt 0:07:06]} Bxe2 {[%emt 0:07:47]} 9. Qxe2 {[%emt 0:00:10]} c6 {[%emt 0:00:03]} 10. a3 {[%emt 0:06:29]} Be7 {[%emt 0:00:22]} 11. Nc3 {[%emt 0:01:28]} Qc7 {[%emt 0:00:59]} 12. h4 {[%emt 0:07:47]} O-O-O {[%emt 0:03:17]} 13. h5 {[%emt 0:02:27]} Nc5 {[%emt 0:02:54]} 14. O-O-O {[%emt 0:02:51]} Ne6 {[%emt 0:03:48]} 15. Kb1 {[%emt 0:03:02]} Rhe8 {[%emt 0:06:12]} 16. Qf3 {[%emt 0:03:27]} Ng5 {[%emt 0:06:40]} 17. Qf5+ {[%emt 0:04:12]} Nd7 {[%emt 0:00:57]} 18. Nf3 {[%emt 0:04:48]} g6 {[%emt 0:01:21]} 19. hxg6 {[%emt 0:01:33]} hxg6 {[%emt 0:00:09]} 20. Qg4 {[%emt 0:00:22]} f5 {[%emt 0:02:35]} 21. Qg3 {[%emt 0:00:19]} Nxf3 {[%emt 0:01:35]} 22. gxf3 {[%emt 0:00:58]} Nf8 {[%emt 0:00:05]} 23. e4 {[%emt 0:08:21]} f4 {[%emt 0:02:14]} 24. Qg4+ {[%emt 0:01:19]} Kb8 {[%emt 0:00:04]} 25. Ne2 {[%emt 0:04:36]} Bc5 {[%emt 0:04:12]} 26. Qg5 {[%emt 0:01:10]} Rxd1+ {[%emt 0:00:30]} 27. Rxd1 {[%emt 0:00:04]} Bxf2 {[%emt 0:09:42]} 28. Bxe5 {[%emt 0:01:29]} Qxe5 {[%emt 0:00:07]} 29. Qxe5+ {[%emt 0:00:36]} Rxe5 {[%emt 0:00:07]} 30. Rd8+ {[%emt 0:00:04]} Kc7 {[%emt 0:00:04]} 31. Rxf8 {[%emt 0:00:03]} g5 {[%emt 0:00:32]} 32. Rg8 {[%emt 0:04:55]} Be3 {[%emt 0:05:27]} 33. c3 {[%emt 0:03:12]} Kd6 {[%emt 0:02:09]} 34. Kc2 {[%emt 0:01:32]} Ke7 {[%emt 0:00:44]} 35. Kd3 {[%emt 0:04:56]} Kf7 {[%emt 0:00:37]} 36. Rh8 {[%emt 0:01:27]} Ra5 {[%emt 0:04:22]} 37. a4 {[%emt 0:01:06]} b5 {[%emt 0:00:06]} 38. axb5 {[%emt 0:01:53]} cxb5 {[%emt 0:00:58]} 39. Nd4 {[%emt 0:01:56]} Ra1 {[%emt 0:01:44]} 40. e5 {[%emt 0:00:00]} Bxd4 {[%emt 0:00:00]} 41. Kxd4 {[%emt 0:07:04]} Re1 {[%emt 0:14:41]} 42. c4 {[%emt 0:02:42]} bxc4 {[%emt 0:05:09]} 43. bxc4 {[%emt 0:00:21]} a5 {[%emt 0:00:11]} 44. c5 {[%emt 0:05:01]} Rd1+ {[%emt 0:04:12]} 45. Ke4 {[%emt 0:02:32]} Rc1 {[%emt 0:00:27]} 46. Kd5 {[%emt 0:00:35]} Rd1+ {[%emt 0:00:10]} 47. Ke4 {[%emt 0:03:26]} Rc1 {[%emt 0:00:18]} 48. Rc8 {[%emt 0:01:11]} Ke6 {[%emt 0:01:07]} 49. c6 {[%emt 0:03:24]} Re1+ {[%emt 0:05:09]} 50. Kd4 {[%emt 0:00:19]} Rd1+ {[%emt 0:04:16]} 51. Kc5 {[%emt 0:01:22]} Rc1+ {[%emt 0:05:40]} 52. Kb6 {[%emt 0:00:09]} Rb1+ {[%emt 0:01:23]} 53. Ka6 {[%emt 0:01:33]} Rc1 {[%emt 0:00:44]} 54. Kb6 {[%emt 0:00:41]} Rb1+ {[%emt 0:00:42]} 55. Kxa5 {[%emt 0:01:29]} Ra1+ {[%emt 0:07:10]} 56. Kb6 {[%emt 0:00:27]} Rb1+ {[%emt 0:00:03]} 57. Kc5 {[%emt 0:00:23]} Rc1+ {[%emt 0:00:05]} 58. Kd4 {[%emt 0:00:28]} Rd1+ {[%emt 0:00:36]} 59. Ke4 {[%emt 0:00:11]} Re1+ {[%emt 0:00:18]} 60. Kd4 {[%emt 0:00:48]} Rd1+ {[%emt 0:00:09]} 61. Ke4 {[%emt 0:01:12]} Re1+ {[%emt 0:00:11]} 62. Kd3 {[%emt 0:00:04]} Kd5 {[%emt 0:00:18]} 63. c7 {[%emt 0:03:13]} Re3+ {[%emt 0:00:06]} 64. Kd2 {[%emt 0:00:10]} Kc6 {[%emt 0:00:04]} 65. Rg8 {[%emt 0:00:43]} Kxc7 {[%emt 0:00:05]} 66. Rxg5 {[%emt 0:00:06]} Rxf3 {[%emt 0:00:05]} 67. Ke2 {[%emt 0:00:31]} Re3+ {[%emt 0:00:04]} 68. Kf2 {[%emt 0:00:07]} Kd7 {[%emt 0:00:03]} 69. Rf5 {[%emt 0:00:10]} Ke6 {[%emt 0:00:03]} 70. Rxf4 {[%emt 0:00:04]} Rxe5 {[%emt 0:00:03]} 1/2-1/2

[Event "AUT 2nd BL Mitte 2021-22"]
[Site "Austria"]
[Date "2022.03.27"]
[Round "9.33"]
[White "Kristoferitsch, Daniel"]
[Black "Renner, Christoph"]
[Result "1-0"]
[WhiteElo "2253"]
[BlackElo "2301"]
[Annotator "ChessBase"]
[PlyCount "171"]
[EventDate "2021.10.21"]
[EventType "team-tourn"]
[EventCountry "AUT"]
[SourceTitle "playchess.com"]
[Source "ChessBase"]
[SourceQuality "1"]
[TimeControl "40/5400+30:1800+30"]

1. e4 {[%emt 0:00:04]} e5 {[%emt 0:00:11]} 2. Nf3 {[%emt 0:00:12]} Nc6 {[%emt 0:00:03]} 3. Nc3 {[%emt 0:00:11]} Nf6 {[%emt 0:00:40]} 4. Bb5 {[%emt 0:00:05]} Bb4 {[%emt 0:00:42]} 5. O-O {[%emt 0:00:12]} O-O {[%emt 0:00:10]} 6. Bxc6 {[%emt 0:00:06]} dxc6 {[%emt 0:08:15]} 7. d3 {[%emt 0:00:09]} Nd7 {[%emt 0:11:22]} 8. Ne2 {[%emt 0:00:18]} Bd6 {[%emt 0:01:31]} 9. Ng3 {[%emt 0:01:18]} Nc5 {[%emt 0:08:36]} 10. c3 {[%emt 0:03:09]} Re8 {[%emt 0:07:55]} 11. Re1 {[%emt 0:04:14]} Bg4 {[%emt 0:11:37]} 12. h3 {[%emt 0:01:44]} Bxf3 {[%emt 0:00:04]} 13. Qxf3 {[%emt 0:00:13]} Bf8 {[%emt 0:00:47]} 14. Rd1 {[%emt 0:06:52]} g6 {[%emt 0:04:29]} 15. d4 {[%emt 0:06:17]} exd4 {[%emt 0:07:35]} 16. cxd4 {[%emt 0:00:12]} Ne6 {[%emt 0:04:22]} 17. Be3 {[%emt 0:08:08]} Bg7 {[%emt 0:05:56]} 18. d5 {[%emt 0:01:35]} cxd5 {[%emt 0:00:18]} 19. exd5 {[%emt 0:00:14]} Ng5 {[%emt 0:03:32]} 20. Qg4 {[%emt 0:14:54]} Re5 {[%emt 0:05:59]} 21. Qc4 {[%emt 0:05:43]} h6 {[%emt 0:06:10]} 22. Bf4 {[%emt 0:08:57]} Re7 {[%emt 0:00:52]} 23. h4 {[%emt 0:00:09]} Nh7 {[%emt 0:00:39]} 24. h5 {[%emt 0:00:08]} g5 {[%emt 0:02:27]} 25. Be3 {[%emt 0:08:59]} Qd7 {[%emt 0:00:31]} 26. Rd3 {[%emt 0:01:31]} Nf6 {[%emt 0:02:59]} 27. Rad1 {[%emt 0:02:09]} Ne8 {[%emt 0:00:51]} 28. Bc5 {[%emt 0:09:40]} Nd6 {[%emt 0:00:07]} 29. Bxd6 {[%emt 0:00:08]} cxd6 {[%emt 0:00:05]} 30. Rf3 {[%emt 0:03:43]} Re5 {[%emt 0:02:00]} 31. Qd3 {[%emt 0:01:34]} Rae8 {[%emt 0:01:15]} 32. Nf5 {[%emt 0:02:05]} Qa4 {[%emt 0:00:31]} 33. b3 {[%emt 0:04:31]} Qb4 {[%emt 0:01:24]} 34. g3 {[%emt 0:00:56]} Bf8 {[%emt 0:00:50]} 35. Kg2 {[%emt 0:00:52]} Qg4 {[%emt 0:00:41]} 36. Ne3 {[%emt 0:01:04]} Qxh5 {[%emt 0:00:28]} 37. Rh1 {[%emt 0:00:08]} Qg6 {[%emt 0:00:11]} 38. Qxg6+ {[%emt 0:00:07]} fxg6 {[%emt 0:00:04]} 39. Ng4 {[%emt 0:00:07]} Bg7 {[%emt 0:02:47]} 40. Nxe5 {[%emt 0:00:00]} Rxe5 {[%emt 0:00:00]} 41. Rd3 {[%emt 0:00:58]} Re2 {[%emt 0:00:38]} 42. a4 {[%emt 0:03:04]} Rc2 {[%emt 0:05:32]} 43. Rhd1 {[%emt 0:15:01]} Bc3 {[%emt 0:02:27]} 44. Re3 {[%emt 0:04:38]} Kf7 {[%emt 0:06:37]} 45. Rdd3 {[%emt 0:01:24]} Be5 {[%emt 0:01:55]} 46. Re4 {[%emt 0:00:18]} Rc7 {[%emt 0:07:53]} 47. f4 {[%emt 0:02:23]} gxf4 {[%emt 0:00:48]} 48. gxf4 {[%emt 0:00:02]} Bf6 {[%emt 0:00:39]} 49. Re6 {[%emt 0:00:17]} Rd7 {[%emt 0:03:28]} 50. Kf3 {[%emt 0:01:50]} h5 {[%emt 0:01:17]} 51. Rde3 {[%emt 0:01:11]} Rd8 {[%emt 0:01:00]} 52. Re2 {[%emt 0:00:28]} Rd7 {[%emt 0:01:07]} 53. Rc2 {[%emt 0:00:07]} Bd8 {[%emt 0:02:08]} 54. Rc8 {[%emt 0:00:38]} Kg7 {[%emt 0:00:56]} 55. Ke4 {[%emt 0:02:57]} Bf6 {[%emt 0:00:31]} 56. Ra8 {[%emt 0:00:23]} a6 {[%emt 0:00:06]} 57. Rc8 {[%emt 0:00:06]} Kf7 {[%emt 0:00:25]} 58. Kf3 {[%emt 0:01:04]} Kg7 {[%emt 0:00:05]} 59. Rc4 {[%emt 0:01:43]} Kf7 {[%emt 0:00:05]} 60. Rc2 {[%emt 0:01:24]} Kg7 {[%emt 0:00:03]} 61. Ke4 {[%emt 0:00:10]} Kf7 {[%emt 0:00:11]} 62. Rh2 {[%emt 0:00:20]} h4 {[%emt 0:00:29]} 63. Rc2 {[%emt 0:00:23]} Kg7 {[%emt 0:00:04]} 64. Kf3 {[%emt 0:00:09]} Kf7 {[%emt 0:00:04]} 65. Kg4 {[%emt 0:00:10]} Kg7 {[%emt 0:00:19]} 66. Rf2 {[%emt 0:01:15]} Kf7 {[%emt 0:01:41]} 67. f5 {[%emt 0:01:09]} g5 {[%emt 0:00:07]} 68. Rc2 {[%emt 0:00:49]} Kg7 {[%emt 0:03:38]} 69. Rc8 {[%emt 0:01:55]} Kf7 {[%emt 0:00:10]} 70. b4 {[%emt 0:00:26]} Kg7 {[%emt 0:00:29]} 71. b5 {[%emt 0:00:18]} axb5 {[%emt 0:00:02]} 72. axb5 {[%emt 0:00:01]} Kf7 {[%emt 0:02:03]} 73. b6 {[%emt 0:00:46]} Bd8 {[%emt 0:00:20]} 74. Re2 {[%emt 0:03:40]} Bxb6 {[%emt 0:00:39]} 75. Kxg5 {[%emt 0:00:25]} Bd8+ {[%emt 0:00:09]} 76. Kg4 {[%emt 0:00:40]} Kf6 {[%emt 0:00:44]} 77. Re8 {[%emt 0:02:20]} Be7 {[%emt 0:00:17]} 78. Rh8 {[%emt 0:00:23]} Kg7 {[%emt 0:00:57]} 79. Rcg8+ {[%emt 0:00:26]} Kf7 {[%emt 0:00:01]} 80. Rg6 {[%emt 0:00:15]} Rc7 {[%emt 0:00:22]} 81. Rh7+ {[%emt 0:00:14]} Kf8 {[%emt 0:00:20]} 82. Rh8+ {[%emt 0:00:15]} Kf7 {[%emt 0:00:01]} 83. Rh7+ {[%emt 0:00:01]} Kf8 {[%emt 0:00:01]} 84. f6 {[%emt 0:00:29]} Bd8 {[%emt 0:00:55]} 85. Rh8+ {[%emt 0:00:10]} Kf7 {[%emt 0:00:03]} 86. Kf5 {[%emt 0:00:07]} 1-0

[Event "AUT 2nd BL Mitte 2021-22"]
[Site "Austria"]
[Date "2022.03.27"]
[Round "9.34"]
[White "Hellmayr, Alois"]
[Black "Kravanja, Georg"]
[Result "1/2-1/2"]
[WhiteElo "2197"]
[BlackElo "2200"]
[Annotator "ChessBase"]
[PlyCount "53"]
[EventDate "2021.10.21"]
[EventType "team-tourn"]
[EventCountry "AUT"]
[SourceTitle "playchess.com"]
[Source "ChessBase"]
[SourceQuality "1"]
[TimeControl "40/5400+30:1800+30"]

1. Nf3 {[%emt 0:00:04]} Nf6 {[%emt 0:00:07]} 2. g3 {[%emt 0:00:17]} g6 {[%emt 0:00:05]} 3. Bg2 {[%emt 0:00:22]} Bg7 {[%emt 0:00:04]} 4. O-O {[%emt 0:00:09]} O-O {[%emt 0:00:05]} 5. d4 {[%emt 0:00:23]} d5 {[%emt 0:00:03]} 6. c3 {[%emt 0:03:22]} c6 {[%emt 0:00:04]} 7. a4 {[%emt 0:00:38]} Nbd7 {[%emt 0:00:10]} 8. Nbd2 {[%emt 0:04:06]} Qc7 {[%emt 0:00:31]} 9. Re1 {[%emt 0:00:35]} e5 {[%emt 0:07:32]} 10. dxe5 {[%emt 0:06:51]} Nxe5 {[%emt 0:00:11]} 11. Nxe5 {[%emt 0:00:36]} Qxe5 {[%emt 0:00:02]} 12. e4 {[%emt 0:01:53]} Qc7 {[%emt 0:00:51]} 13. exd5 {[%emt 0:01:42]} Nxd5 {[%emt 0:02:06]} 14. Nc4 {[%emt 0:05:17]} Be6 {[%emt 0:04:15]} 15. Ne3 {[%emt 0:01:25]} Rad8 {[%emt 0:12:51]} 16. Nxd5 {[%emt 0:02:33]} Bxd5 {[%emt 0:00:02]} 17. Bxd5 {[%emt 0:02:34]} Rxd5 {[%emt 0:00:04]} 18. Qc2 {[%emt 0:00:46]} Qd7 {[%emt 0:01:21]} 19. Be3 {[%emt 0:02:11]} b6 {[%emt 0:07:11]} 20. Rad1 {[%emt 0:04:50]} Rd8 {[%emt 0:03:02]} 21. Rxd5 {[%emt 0:00:06]} Qxd5 {[%emt 0:00:12]} 22. Re2 {[%emt 0:00:36]} Qd1+ {[%emt 0:03:10]} 23. Kg2 {[%emt 0:01:32]} Qd5+ {[%emt 0:01:27]} 24. Kg1 {[%emt 0:01:05]} Qd1+ {[%emt 0:00:10]} 25. Kg2 {[%emt 0:00:45]} Qd5+ {[%emt 0:00:11]} 26. Kg1 {[%emt 0:00:17]} Qd1+ 27. Kg2 {[%emt 0:00:30]} 1/2-1/2